Biblioteca y Centro de Documentación

Le Mercosur, situation actuelle et perspectives (Registro nro. 10683)

Detalles MARC
000 -CABECERA
Longitud fija campo de control 01583nam a2200421 c 4500
001 - NÚMERO DE CONTROL
Número de control 10683
003 - IDENTIFICADOR DE NÚMERO DE CONTROL
Identificador del número de control ES-MaCES
005 - FECHA Y HORA DE LA ÚLTIMA TRANSACCIÓN
Fecha y hora de la última transacción 20141221122104.0
008 - CAMPO FIJO DE DESCRIPCIÓN FIJA--INFORMACIÓN GENERAL
Códigos de información de longitud fija   000619s1997 fr d t 000 | fre d
035 ## - NÚMERO DE CONTROL DEL SISTEMA
Número de control del sistema CES20000007377m
040 ## - FUENTE DE CATALOGACIÓN
Centro catalogador de origen ES-MaCES
Lengua de catalogación spa
Centro transcriptor ES-MaCES
041 0# - CÓDIGO DE IDIOMA
Código de lengua del texto;banda sonora o título independiente fre
-- eng
-- ita
-- spa
245 03 - MENCIÓN DE TÍTULO
Título Le Mercosur, situation actuelle et perspectives
Resto del título = Mercosur, present situation and prospects = El Mercosur, situación actual y perspectivas = Il Mercosur, situazione attuale e prospettive
246 3# - FORMA VARIANTE DEL TÍTULO
Título propio ; Título en breve Mercosur, present situation and prospects
246 3# - FORMA VARIANTE DEL TÍTULO
Título propio ; Título en breve El Mercosur, situación actual y perspectivas
246 3# - FORMA VARIANTE DEL TÍTULO
Título propio ; Título en breve Il Mercosur, situazione attuale e prospective
260 ## - PUBLICACIÓN, DISTRIBUCIÓN, ETC (PIE DE IMPRENTA)
Lugar de publicación, distribución, etc. Paris
Nombre del editor, distribuidor, etc. Banque Sudameris
Fecha de publicación, distribución, etc. 1997
300 ## - DESCRIPCIÓN FÍSICA
Extensión 96 p.
Otras características físicas gráf. col.
Dimensiones 30 cm
490 0# - MENCIÓN DE SERIE
Mención de serie Etudes económiques
Designación de volumen o secuencia juil 1997
500 ## - NOTA GENERAL
Nota general Texto en francés, inglés, español e italiano
500 ## - NOTA GENERAL
Nota general Dir. de internet: http://www.sudameris.fr
541 ## - NOTA DE LA FUENTE INMEDIANTE DE ADQUISICIÓN
Forma de adquisición Gratuito
650 #4 - ASIENTO SECUNDARIO DE MATERIA--TÉRMINO DE MATERIA
Término de materia o nombre geográfico como elemento inicial MERCOSUR
9 (RLIN) 30632
650 #4 - ASIENTO SECUNDARIO DE MATERIA--TÉRMINO DE MATERIA
Término de materia o nombre geográfico como elemento inicial mercado común
9 (RLIN) 27960
650 #4 - ASIENTO SECUNDARIO DE MATERIA--TÉRMINO DE MATERIA
Término de materia o nombre geográfico como elemento inicial integración económica
9 (RLIN) 27962
650 #4 - ASIENTO SECUNDARIO DE MATERIA--TÉRMINO DE MATERIA
Término de materia o nombre geográfico como elemento inicial unión aduanera
9 (RLIN) 28002
650 #4 - ASIENTO SECUNDARIO DE MATERIA--TÉRMINO DE MATERIA
Término de materia o nombre geográfico como elemento inicial relaciones comerciales
9 (RLIN) 27965
650 #4 - ASIENTO SECUNDARIO DE MATERIA--TÉRMINO DE MATERIA
Término de materia o nombre geográfico como elemento inicial comercio internacional
9 (RLIN) 27958
650 #4 - ASIENTO SECUNDARIO DE MATERIA--TÉRMINO DE MATERIA
Término de materia o nombre geográfico como elemento inicial América Latina
9 (RLIN) 26882
650 #4 - ASIENTO SECUNDARIO DE MATERIA--TÉRMINO DE MATERIA
Término de materia o nombre geográfico como elemento inicial 1995-uuuu
9 (RLIN) 31572
650 #4 - ASIENTO SECUNDARIO DE MATERIA--TÉRMINO DE MATERIA
Término de materia o nombre geográfico como elemento inicial balance
9 (RLIN) 30786
653 10 - TÉRMINO DE INDEXACIÓN--NO CONTROLADO
Término no controlado Comercio internacional
710 2# - ENCABEZAMIENTO SECUNDARIO--NOMBRE CORPORATIVO
Nombre de entidad o nombre de jurisdicción como elemento inicial Banque Sudameris
Término indicativo de función ed.
9 (RLIN) 1627
830 #0 - ENCABEZAMIENTO SECUNDARIO DE COLECCIÓN--TÍTULO UNIFORME
Título uniforme Etudes économiques (Banque Sudameris)
Designación de volumen o secuencia juil 1998
9 (RLIN) 33450
902 ## - CES. TIPO DE DOCUMENTO
Tipodoc (006$c Sirtex) DOC Literatura gris
942 ## - ELEMENTOS KOHA
Fuente de clasificaión o esquema Clasificación propia del CES
Koha [por defecto] tipo de item Monografías
Parte de clasificación 0.0.
Existencias
Número de registro Signatura completa Tipo de item de Koha
037020 DOC-0.0.-301 Monografías
© CES, Consejo Económico y Social de España 2021